[Event "37. Copenhagen Open (Politiken Cup)"]
[Site "Elsinore"]
[Date "2015.07.30"]
[Round "7"]
[White "Jorgensen, Orla Eilegaard"]
[Black "Rasmussen, Jonas H"]
[Result "1/2-1/2"]
[WhiteElo "1656"]
[BlackElo "1852"]
[PlyCount "60"]
[EventDate "2015.07.25"]
[EventType "swiss"]
[EventRounds "10"]
[EventCountry "DEN"]
[Source "ChessBase"]
[SourceDate "2015.09.14"]

1. e4 e5 2. Nc3 Nf6 3. f4 exf4 4. Nf3 Nc6 5. Bc4 Bc5 6. d4 Bb4 7. Qd3 O-O 8.
O-O Bxc3 9. bxc3 d5 10. exd5 Nxd5 11. Bxd5 Qxd5 12. Bxf4 Bf5 13. Qd2 Rac8 14.
Nh4 Bg6 15. Nxg6 hxg6 16. Rfe1 Rfd8 17. Bg5 Re8 18. Bf4 Qc4 19. Rxe8+ Rxe8 20.
Re1 Rxe1+ 21. Qxe1 Qxa2 22. Bxc7 Qc4 23. Qe8+ Kh7 24. Qe3 a5 25. Qh3+ Kg8 26.
Qc8+ Kh7 27. Qh3+ Kg8 28. Qc8+ Kh7 29. Qh3+ Kg8 30. Qc8+ Kh7 1/2-1/2

[Event "37. Copenhagen Open (Politiken Cup)"]
[Site "Elsinore"]
[Date "2015.07.30"]
[Round "7"]
[White "Justinussen, Sigurd B"]
[Black "Robertsen, Bjorn"]
[Result "0-1"]
[WhiteElo "1959"]
[BlackElo "1676"]
[PlyCount "86"]
[EventDate "2015.07.25"]
[EventType "swiss"]
[EventRounds "10"]
[EventCountry "DEN"]
[Source "ChessBase"]
[SourceDate "2015.09.14"]

1. e4 c5 2. Nf3 d6 3. c3 Nf6 4. Be2 g6 5. O-O Bg7 6. Qc2 O-O 7. d4 Nc6 8. d5
Nb8 9. Bg5 a6 10. a4 Qc7 11. Nbd2 Nbd7 12. Rfe1 e5 13. a5 h6 14. Bh4 g5 15. Bg3
Nh5 16. Nf1 Nf4 17. Ne3 Nf6 18. Bf1 Ng4 19. Nc4 f5 20. Nb6 Rb8 21. h3 fxe4 22.
Nd2 Nf6 23. Nxe4 Nxe4 24. Qxe4 Bf5 25. Qa4 Qf7 26. b4 e4 27. Rac1 Nd3 28. Bxd6
Nxe1 29. Bxf8 Rxf8 30. Rxe1 Bxc3 31. Re2 cxb4 32. d6 b3 33. Nc4 Be6 34. Na3 Be1
35. Qxe4 Bxf2+ 36. Kh2 Bc5 37. Qxe6 Bxa3 38. Qxf7+ Rxf7 39. Re8+ Kg7 40. Bc4
Bxd6+ 41. Kg1 b2 42. Bd3 Bc5+ 43. Kh2 Rf1 0-1

[Event "37. Copenhagen Open (Politiken Cup)"]
[Site "Elsinore"]
[Date "2015.07.30"]
[Round "7"]
[White "Kaasen, Tor Fredrik"]
[Black "Schadd, Jan"]
[Result "1/2-1/2"]
[WhiteElo "2026"]
[BlackElo "1852"]
[PlyCount "70"]
[EventDate "2015.07.25"]
[EventType "swiss"]
[EventRounds "10"]
[EventCountry "DEN"]
[Source "ChessBase"]
[SourceDate "2015.09.14"]

1. e4 e6 2. d4 d5 3. Nc3 Bb4 4. e5 c5 5. a3 Bxc3+ 6. bxc3 Qa5 7. Bd2 Qa4 8. Qg4
Kf8 9. Qd1 Nc6 10. Nf3 Nge7 11. Qb1 c4 12. h4 Ke8 13. h5 h6 14. Ra2 Kd8 15. g4
Kc7 16. g5 Bd7 17. Rg1 hxg5 18. Nxg5 Raf8 19. Qd1 Nf5 20. Bh3 Nce7 21. Bg4 Nh6
22. Bf3 Nhf5 23. Nh3 g6 24. Bg5 gxh5 25. Bf6 Rhg8 26. Ng5 h4 27. Bh5 Ng6 28.
Qg4 Nh6 29. Qf3 Nf5 30. Nxf7 Rxf7 31. Rxg6 Rxg6 32. Bxg6 Qb5 33. Qd1 Rf8 34.
Bxf5 exf5 35. Bxh4 Rh8 1/2-1/2

[Event "37. Copenhagen Open (Politiken Cup)"]
[Site "Elsinore"]
[Date "2015.07.30"]
[Round "7"]
[White "Kakulidis, Ellen"]
[Black "Jarlnaes, Erik"]
[Result "1/2-1/2"]
[WhiteElo "1770"]
[BlackElo "1892"]
[PlyCount "47"]
[EventDate "2015.07.25"]
[EventType "swiss"]
[EventRounds "10"]
[EventCountry "DEN"]
[Source "ChessBase"]
[SourceDate "2015.09.14"]

1. d4 d5 2. c4 c6 3. Nf3 Nf6 4. Nc3 g6 5. cxd5 Nxd5 6. e4 Nxc3 7. bxc3 Bg7 8.
Qb3 O-O 9. Bb2 Qc7 10. Bc4 b5 11. Be2 Be6 12. Qc2 h6 13. a4 bxa4 14. Qxa4 Nd7
15. O-O Rfb8 16. Qc2 Bb3 17. Qc1 a5 18. Nd2 c5 19. Nxb3 Rxb3 20. Qd2 cxd4 21.
cxd4 Qb6 22. Ra2 Rb8 23. Ba1 Rd8 24. Bc3 1/2-1/2

[Event "37. Copenhagen Open (Politiken Cup)"]
[Site "Elsinore"]
[Date "2015.07.30"]
[Round "7"]
[White "Keen, Cosima C"]
[Black "Nielsen, Jan Mose"]
[Result "1-0"]
[WhiteElo "1821"]
[BlackElo "2074"]
[PlyCount "43"]
[EventDate "2015.07.25"]
[EventType "swiss"]
[EventRounds "10"]
[EventCountry "DEN"]
[Source "ChessBase"]
[SourceDate "2015.09.14"]

1. e4 c5 2. Nf3 Nc6 3. Bb5 g6 4. Bxc6 bxc6 5. O-O Bg7 6. c4 e5 7. d3 d6 8. h3
Ne7 9. a3 O-O 10. b4 cxb4 11. axb4 f5 12. Be3 a6 13. Qb3 fxe4 14. dxe4 Bxh3 15.
Bb6 Rxf3 16. Qxf3 Qxb6 17. Qxh3 Qxb4 18. Qe6+ Kf8 19. Ra3 Ke8 20. Rf3 Bf8 21.
Na3 Qd2 22. Rb1 1-0

[Event "37. Copenhagen Open (Politiken Cup)"]
[Site "Elsinore"]
[Date "2015.07.30"]
[Round "7"]
[White "Klitgaard, Ebbe"]
[Black "Holm, Henrik"]
[Result "1/2-1/2"]
[WhiteElo "1961"]
[BlackElo "1766"]
[PlyCount "79"]
[EventDate "2015.07.25"]
[EventType "swiss"]
[EventRounds "10"]
[EventCountry "DEN"]
[Source "ChessBase"]
[SourceDate "2015.09.14"]

1. c4 e5 2. Nc3 Bb4 3. g3 Bxc3 4. bxc3 f5 5. d3 Nf6 6. Bg2 Nc6 7. e3 O-O 8. Ne2
b6 9. O-O Bb7 10. Qb3 Na5 11. Qc2 Bxg2 12. Kxg2 c5 13. f3 d5 14. cxd5 Nxd5 15.
e4 fxe4 16. dxe4 Nf6 17. Be3 Qe7 18. Rad1 Rad8 19. Rxd8 Rxd8 20. Rd1 Rxd1 21.
Qxd1 Qd7 22. Qxd7 Nxd7 23. f4 Nc4 24. Kf3 Kf7 25. g4 exf4 26. Bxf4 Nce5+ 27.
Bxe5 Nxe5+ 28. Kf4 Ke6 29. Ng3 g6 30. h4 b5 31. a3 a5 32. h5 b4 33. cxb4 cxb4
34. axb4 axb4 35. Ne2 Kd6 36. hxg6 hxg6 37. Nd4 Nxg4 38. Kxg4 Ke5 39. Nc6+ Kxe4
40. Nxb4 1/2-1/2

[Event "37. Copenhagen Open (Politiken Cup)"]
[Site "Elsinore"]
[Date "2015.07.30"]
[Round "7"]
[White "Kollars, Dmitrij"]
[Black "Haria, Ravi"]
[Result "1-0"]
[WhiteElo "2437"]
[BlackElo "2261"]
[PlyCount "153"]
[EventDate "2015.07.25"]
[EventType "swiss"]
[EventRounds "10"]
[EventCountry "DEN"]
[Source "ChessBase"]
[SourceDate "2015.09.14"]

1. e4 e6 2. d4 d5 3. Nc3 Bb4 4. e5 Ne7 5. a3 Bxc3+ 6. bxc3 c5 7. h4 Qa5 8. Bd2
Nbc6 9. h5 h6 10. Qg4 Nf5 11. Bd3 Rg8 12. Nf3 c4 13. Bxf5 exf5 14. Qh4 Be6 15.
O-O Kd7 16. a4 g5 17. hxg6 Rxg6 18. Rfb1 Qc7 19. Kf1 Rag8 20. g3 Ne7 21. Rb4
Nc6 22. Rb5 Kc8 23. Rab1 Qd7 24. Bf4 b6 25. Qh5 Qd8 26. Nh4 Rg5 27. Qxh6 Rg4
28. Qf6 Rh8 29. Qxd8+ Kxd8 30. Ng2 Kc8 31. Ke2 Rg7 32. Ne3 Rd8 33. Ng2 Rh8 34.
Bc1 Rh1 35. Nf4 Ne7 36. Ba3 Rxb1 37. Rxb1 Ng6 38. Nxe6 fxe6 39. Rh1 Kd7 40. Bc1
Ke8 41. f3 Nf8 42. Rh8 Rh7 43. Rxh7 Nxh7 44. Ba3 Ng5 45. Ke3 Kf7 46. Bd6 a6 47.
Bc7 b5 48. axb5 axb5 49. Bd8 Nh7 50. Kf4 Kg6 51. Be7 Kf7 52. Bb4 Kg6 53. Ke3
Ng5 54. Be7 Nf7 55. Kd2 Nh6 56. Kc1 Ng8 57. Bd8 Nh6 58. Kb2 Kh5 59. Be7 Ng8 60.
Bd8 Nh6 61. Kb1 Ng8 62. Kc1 Nh6 63. Kb2 Ng8 64. Ka3 Nh6 65. Kb2 Ng8 66. Kc1 Nh6
67. Kd1 Kg6 68. Ke2 Nf7 69. Bf6 Nh6 70. Ke3 Nf7 71. Kf4 Nh6 72. g4 fxg4 73.
fxg4 Nf7 74. Kg3 Nh6 75. Kh4 Nf7 76. g5 Kf5 77. Kh5 1-0

[Event "37. Copenhagen Open (Politiken Cup)"]
[Site "Elsinore"]
[Date "2015.07.30"]
[Round "7"]
[White "Kramer, Julian"]
[Black "Glud, Jakob Vang"]
[Result "1/2-1/2"]
[WhiteElo "2312"]
[BlackElo "2531"]
[PlyCount "163"]
[EventDate "2015.07.25"]
[EventType "swiss"]
[EventRounds "10"]
[EventCountry "DEN"]
[Source "ChessBase"]
[SourceDate "2015.09.14"]

1. e4 e5 2. Nf3 Nc6 3. Bb5 a6 4. Ba4 Nf6 5. O-O Be7 6. d3 b5 7. Bb3 d6 8. a3
O-O 9. Nc3 Na5 10. Ba2 Be6 11. Bxe6 fxe6 12. b4 Nc6 13. Bd2 Nd4 14. Nxd4 exd4
15. Ne2 c5 16. Ng3 c4 17. c3 dxc3 18. Bxc3 d5 19. e5 Ne8 20. Qg4 Nc7 21. Nh5
Rf7 22. Nf6+ Kh8 23. Qh5 g6 24. Qg4 Rc8 25. Rfe1 Rxf6 26. exf6 Bxf6 27. Bd4 Kg7
28. Rad1 Qe7 29. h4 Re8 30. Be5 Bxe5 31. Rxe5 Qf6 32. Qd4 Rf8 33. g3 Kg8 34. f4
Qe7 35. h5 Kf7 36. Kg2 Ke8 37. hxg6 hxg6 38. Rh1 a5 39. bxa5 Qxa3 40. Rh7 Rf7
41. Rxf7 Kxf7 42. Qb6 Qe7 43. dxc4 bxc4 44. Qc6 c3 45. Qxc3 Qd6 46. Re1 d4 47.
Qc4 d3 48. Rd1 d2 49. Qe2 Qd5+ 50. Kh2 Qxa5 51. Qxd2 Qh5+ 52. Kg2 Nd5 53. Ra1
Qf5 54. Qd4 Qc2+ 55. Kg1 Ne7 56. Ra7 Qb1+ 57. Kg2 Qc2+ 58. Kh3 Qb1 59. Kg2 Qc2+
60. Qf2 Qe4+ 61. Kh2 Qd5 62. Qe2 Qc5 63. Rd7 Qc8 64. Qd1 Qh8+ 65. Kg2 Qa8+ 66.
Kg1 Qa3 67. Qd3 Qa1+ 68. Kg2 Qa8+ 69. Qf3 Qa2+ 70. Kh3 Qa1 71. Qb7 Qf6 72. Kg2
g5 73. Qb4 gxf4 74. Qxf4 Qxf4 75. gxf4 Kf6 76. Kf3 Nf5 77. Ra7 Nd4+ 78. Ke4 Nf5
79. Rd7 Ng3+ 80. Kf3 Nf5 81. Ke4 Ng3+ 82. Kf3 1/2-1/2

[Event "37. Copenhagen Open (Politiken Cup)"]
[Site "Elsinore"]
[Date "2015.07.30"]
[Round "7"]
[White "Kristiansen, Jens"]
[Black "Louis, Thibault"]
[Result "1-0"]
[WhiteElo "2423"]
[BlackElo "2250"]
[PlyCount "69"]
[EventDate "2015.07.25"]
[EventType "swiss"]
[EventRounds "10"]
[EventCountry "DEN"]
[Source "ChessBase"]
[SourceDate "2015.09.14"]

1. d4 Nf6 2. c4 e6 3. Nc3 Bb4 4. e3 b6 5. Nge2 Ba6 6. Ng3 h5 7. h4 Bb7 8. Bd2
g6 9. a3 Bd6 10. Rh3 a6 11. Qc2 Ng4 12. Nge4 Be7 13. Ng5 Bxg5 14. hxg5 Qxg5 15.
e4 Qf6 16. f3 Nh6 17. Be3 d6 18. O-O-O Nd7 19. Kb1 O-O-O 20. Be2 Qg7 21. c5
dxc5 22. dxc5 Nxc5 23. Rc1 Qe5 24. f4 Qd6 25. e5 Qc6 26. Bf3 Qd7 27. Bxc5 Bxf3
28. Rxf3 bxc5 29. Na4 Qc6 30. Rc3 Rd5 31. Nxc5 Qb5 32. Rb3 Qc6 33. Nxa6 Qxc2+
34. Rxc2 Rd1+ 35. Ka2 1-0

[Event "37. Copenhagen Open (Politiken Cup)"]
[Site "Elsinore"]
[Date "2015.07.30"]
[Round "7"]
[White "Kvisvik, Brede Alexander"]
[Black "Petersen, Martin Reib"]
[Result "1-0"]
[WhiteElo "2304"]
[BlackElo "2122"]
[PlyCount "75"]
[EventDate "2015.07.25"]
[EventType "swiss"]
[EventRounds "10"]
[EventCountry "DEN"]
[Source "ChessBase"]
[SourceDate "2015.09.14"]

1. d4 Nf6 2. Nf3 e6 3. c4 Nc6 4. g3 d5 5. Bg2 dxc4 6. Qa4 Bb4+ 7. Bd2 Nd5 8.
Bxb4 Ndxb4 9. O-O Rb8 10. Na3 O-O 11. Qb5 Qd5 12. Qxc4 b6 13. Rfc1 Qxc4 14.
Nxc4 Bb7 15. Nce5 Rfd8 16. a3 Nxe5 17. Nxe5 Na6 18. Bxb7 Rxb7 19. Nc6 Rd7 20.
e3 Nb8 21. Ne5 Rd5 22. Rc3 Nd7 23. Nc6 Rb5 24. b4 Nf6 25. Rac1 Kf8 26. a4 Rh5
27. b5 Ne8 28. e4 Nd6 29. f3 Ke8 30. g4 Rg5 31. Ne5 Kd8 32. h4 Rxe5 33. dxe5
Ne8 34. Rd1+ Ke7 35. Rcd3 a6 36. Rd7+ Kf8 37. Rd8 axb5 38. axb5 1-0

[Event "37. Copenhagen Open (Politiken Cup)"]
[Site "Elsinore"]
[Date "2015.07.30"]
[Round "7"]
[White "Larsen, Arne Walther"]
[Black "Lundberg, Roland"]
[Result "0-1"]
[WhiteElo "1824"]
[BlackElo "1990"]
[PlyCount "48"]
[EventDate "2015.07.25"]
[EventType "swiss"]
[EventRounds "10"]
[EventCountry "DEN"]
[Source "ChessBase"]
[SourceDate "2015.09.14"]

1. c4 Nf6 2. g3 e6 3. d4 c5 4. Nf3 Ne4 5. Nc3 Nxc3 6. bxc3 Be7 7. Bg2 Bf6 8.
O-O Nc6 9. e4 d6 10. Be3 Qa5 11. Qc2 O-O 12. Rab1 a6 13. e5 dxe5 14. dxe5 Bxe5
15. Ng5 g6 16. Ne4 b6 17. f4 Bg7 18. Nxc5 bxc5 19. Bxc6 Ra7 20. Qa4 Qxa4 21.
Bxa4 Rc7 22. Rb3 Rd8 23. Bf2 Rd2 24. Be3 Rxa2 0-1

[Event "37. Copenhagen Open (Politiken Cup)"]
[Site "Elsinore"]
[Date "2015.07.30"]
[Round "7"]
[White "Haagen Larsen, Hans"]
[Black "Sateren, Erlend"]
[Result "1-0"]
[WhiteElo "1714"]
[BlackElo "1400"]
[PlyCount "35"]
[EventDate "2015.07.25"]
[EventType "swiss"]
[EventRounds "10"]
[EventCountry "DEN"]
[Source "ChessBase"]
[SourceDate "2015.09.14"]

1. d4 d5 2. Bf4 Nf6 3. e3 Bf5 4. c4 c6 5. Qb3 Qd7 6. Be2 e6 7. c5 g6 8. Nf3 h6
9. Ne5 Qc8 10. Nd2 g5 11. Bg3 Nbd7 12. Ndf3 Ne4 13. Nxd7 Nxg3 14. hxg3 Qxd7 15.
Ne5 Qc7 16. Bh5 Rh7 17. g4 Bxg4 18. Bxg4 1-0

[Event "37. Copenhagen Open (Politiken Cup)"]
[Site "Elsinore"]
[Date "2015.07.30"]
[Round "7"]
[White "Larsen, Ole Bogh"]
[Black "Henrichsen, Jens"]
[Result "1/2-1/2"]
[WhiteElo "2203"]
[BlackElo "2047"]
[PlyCount "35"]
[EventDate "2015.07.25"]
[EventType "swiss"]
[EventRounds "10"]
[EventCountry "DEN"]
[Source "ChessBase"]
[SourceDate "2015.09.14"]

1. d4 Nf6 2. c4 e6 3. Nc3 Bb4 4. Qb3 c5 5. dxc5 Nc6 6. Nf3 Bxc5 7. Bg5 Qb6 8.
Qxb6 Bxb6 9. e3 Ba5 10. Bxf6 gxf6 11. Rc1 Ke7 12. Be2 d6 13. O-O Bd7 14. Rfd1
Rhd8 15. Nd4 Ne5 16. Ne4 Bc6 17. Nxc6+ bxc6 18. f4 1/2-1/2

[Event "37. Copenhagen Open (Politiken Cup)"]
[Site "Elsinore"]
[Date "2015.07.30"]
[Round "7"]
[White "Larsen, Preben R"]
[Black "Van den Boogaart, Jan Maarten"]
[Result "1-0"]
[WhiteElo "1808"]
[BlackElo "2024"]
[PlyCount "117"]
[EventDate "2015.07.25"]
[EventType "swiss"]
[EventRounds "10"]
[EventCountry "DEN"]
[Source "ChessBase"]
[SourceDate "2015.09.14"]

1. e4 e5 2. Nf3 Nc6 3. Bc4 Bc5 4. O-O Nf6 5. d4 exd4 6. e5 d5 7. exf6 dxc4 8.
Re1+ Be6 9. Ng5 Qd5 10. Nc3 Qf5 11. Nce4 O-O-O 12. g4 Qd5 13. fxg7 Rhg8 14. Nf6
Qd6 15. Nxg8 Rxg8 16. Ne4 Qe5 17. Nxc5 Qxc5 18. Bh6 Ne5 19. Re4 Qd5 20. Qe2
Nxg4 21. Rxg4 Qh5 22. Re1 Qxh6 23. Rg3 Rxg7 24. Qe5 Rxg3+ 25. Qxg3 Qd2 26. Qe5
d3 27. cxd3 cxd3 28. a3 Qc2 29. Qh8+ Kd7 30. Qd4+ Ke8 31. Re3 c5 32. Qxd3 Qxd3
33. Rxd3 c4 34. Rd4 Kf8 35. Kf1 f6 36. Ke2 a6 37. a4 Ke7 38. Rh4 Bg8 39. Kd2 b5
40. axb5 axb5 41. Kc3 Kd6 42. Kb4 Ke5 43. Kxb5 f5 44. Kc5 f4 45. Rg4 Be6 46.
Rg7 h5 47. Re7 f3 48. Rxe6+ Kxe6 49. Kxc4 Kf5 50. b4 Kg4 51. b5 Kh3 52. b6 Kxh2
53. Kd3 Kg2 54. Ke3 h4 55. b7 h3 56. b8=Q h2 57. Qb1 h1=Q 58. Qxh1+ Kxh1 59.
Kxf3 1-0

[Event "37. Copenhagen Open (Politiken Cup)"]
[Site "Elsinore"]
[Date "2015.07.30"]
[Round "7"]
[White "Larsen, Steen"]
[Black "Hinrichs, Kurt"]
[Result "0-1"]
[WhiteElo "1141"]
[BlackElo "1268"]
[PlyCount "108"]
[EventDate "2015.07.25"]
[EventType "swiss"]
[EventRounds "10"]
[EventCountry "DEN"]
[Source "ChessBase"]
[SourceDate "2015.09.14"]

1. c4 e5 2. e3 Nf6 3. Nc3 Bb4 4. d4 Bxc3+ 5. bxc3 d6 6. d5 Nbd7 7. Nf3 Nc5 8.
Qc2 e4 9. Nd2 O-O 10. Ba3 Re8 11. O-O-O Bd7 12. Nb3 b6 13. Nd4 Ba4 14. Nb3
Nxb3+ 15. axb3 Bd7 16. h3 Qb8 17. b4 a6 18. c5 dxc5 19. bxc5 a5 20. c6 Bc8 21.
d6 Ba6 22. d7 Rd8 23. Be7 Bxf1 24. Rhxf1 a4 25. Bxd8 Qxd8 26. f3 a3 27. Kb1 b5
28. Ka2 Ra6 29. Qb3 Rxc6 30. Qxb5 Rb6 31. Qf5 g6 32. Qg5 Kg7 33. fxe4 h6 34.
Qe5 Re6 35. Qd4 Rd6 36. Qe5 Qxd7 37. Rxd6 Qxd6 38. Qf4 Qxf4 39. Rxf4 g5 40. e5
gxf4 41. exf6+ Kxf6 42. exf4 Kf5 43. g3 h5 44. Kxa3 Ke4 45. Kb4 Kf3 46. Kc5
Kxg3 47. Kc6 Kxh3 48. Kxc7 Kg4 49. Kd7 h4 50. c4 h3 51. c5 h2 52. c6 h1=Q 53.
c7 Qd5+ 54. Kc8 Kxf4 0-1

[Event "37. Copenhagen Open (Politiken Cup)"]
[Site "Elsinore"]
[Date "2015.07.30"]
[Round "7"]
[White "Larsen, Ulrik"]
[Black "Frederiksen Kristian, Pade"]
[Result "1-0"]
[WhiteElo "2005"]
[BlackElo "1839"]
[PlyCount "63"]
[EventDate "2015.07.25"]
[EventType "swiss"]
[EventRounds "10"]
[EventCountry "DEN"]
[Source "ChessBase"]
[SourceDate "2015.09.14"]

1. e4 e5 2. Nf3 Nc6 3. Bb5 a6 4. Ba4 d6 5. O-O g6 6. c3 Bg7 7. Re1 Nge7 8. h3
O-O 9. d4 b5 10. Bb3 Na5 11. Bc2 c5 12. dxe5 dxe5 13. Nbd2 Bb7 14. Qe2 Qc7 15.
Nf1 Nc4 16. N1h2 Kh8 17. Ng4 Ng8 18. a4 f6 19. b3 Nd6 20. Bb2 Rad8 21. Ngh2 Nh6
22. Bc1 Nhf7 23. h4 f5 24. Ng5 Nxg5 25. Bxg5 Rde8 26. h5 Nxe4 27. Bxe4 Bxe4 28.
h6 Bf6 29. Bxf6+ Rxf6 30. axb5 axb5 31. Qxb5 Rb6 32. Qxe8# 1-0

[Event "37. Copenhagen Open (Politiken Cup)"]
[Site "Elsinore"]
[Date "2015.07.30"]
[Round "7"]
[White "Lauritsen, Martin Lee"]
[Black "Linderod, Lars Erik"]
[Result "1-0"]
[WhiteElo "2102"]
[BlackElo "1912"]
[PlyCount "76"]
[EventDate "2015.07.25"]
[EventType "swiss"]
[EventRounds "10"]
[EventCountry "DEN"]
[Source "ChessBase"]
[SourceDate "2015.09.14"]

1. e4 d5 2. exd5 Qxd5 3. Nc3 Qd6 4. d4 Nf6 5. Bc4 a6 6. Nf3 b5 7. Bb3 Bb7 8.
Ne5 e6 9. Bf4 c5 10. dxc5 Qxd1+ 11. Rxd1 Bxc5 12. O-O Nc6 13. Nd3 Be7 14. Rfe1
O-O 15. Bc7 Nd4 16. Bb6 Nxb3 17. axb3 Nd5 18. Bd4 Rac8 19. f4 Bd6 20. g3 Rfd8
21. Rd2 Bb4 22. Nxb4 Nxb4 23. Ree2 Rd7 24. Bb6 Rxd2 25. Rxd2 Nd5 26. Bd4 Nxc3
27. bxc3 Bd5 28. Rd1 Rc6 29. Kf2 f6 30. Ke3 Kf7 31. g4 g6 32. g5 f5 33. b4 Be4
34. Rd2 Kg8 35. h4 h5 36. gxh6 Kh7 37. Bg7 Bd5 38. Rh2 Rxc3+ 1-0

[Event "37. Copenhagen Open (Politiken Cup)"]
[Site "Elsinore"]
[Date "2015.07.30"]
[Round "7"]
[White "Lien, Kjell Hakon"]
[Black "Zude, Erik"]
[Result "1/2-1/2"]
[WhiteElo "2133"]
[BlackElo "2398"]
[PlyCount "65"]
[EventDate "2015.07.25"]
[EventType "swiss"]
[EventRounds "10"]
[EventCountry "DEN"]
[Source "ChessBase"]
[SourceDate "2015.09.14"]

1. e4 e5 2. Nf3 d6 3. d4 exd4 4. Nxd4 Nf6 5. Nc3 Be7 6. Bf4 O-O 7. Qd2 Nc6 8.
O-O-O Nxd4 9. Qxd4 Be6 10. f3 a6 11. g4 Nd7 12. Qe3 Re8 13. h4 Bf6 14. g5 Be5
15. h5 Qe7 16. Bh3 Nb6 17. Bxe5 Nc4 18. Qe2 Nxe5 19. f4 Nc6 20. Qg2 Bxh3 21.
Rxh3 Rad8 22. h6 d5 23. hxg7 dxe4 24. Rxd8 Rxd8 25. Nxe4 Qe6 26. Nf6+ Kxg7 27.
Rxh7+ Kf8 28. Rh8+ Ke7 29. Rxd8 Nxd8 30. Qd2 Qd6 31. c3 Ne6 32. Nd5+ Kf8 33. f5
1/2-1/2

[Event "37. Copenhagen Open (Politiken Cup)"]
[Site "Elsinore"]
[Date "2015.07.30"]
[Round "7"]
[White "Lobersli, Henrik Oie"]
[Black "Madison, Sigurd"]
[Result "1-0"]
[WhiteElo "2034"]
[BlackElo "1853"]
[PlyCount "59"]
[EventDate "2015.07.25"]
[EventType "swiss"]
[EventRounds "10"]
[EventCountry "DEN"]
[Source "ChessBase"]
[SourceDate "2015.09.14"]

1. e4 e5 2. Nf3 Nc6 3. Bb5 a6 4. Ba4 b5 5. Bb3 Be7 6. O-O Nf6 7. Re1 d6 8. c3
Bg4 9. d3 Na5 10. Bc2 c5 11. Nbd2 Nc6 12. Nf1 O-O 13. h3 Bd7 14. d4 Qc7 15. b3
cxd4 16. cxd4 Nxd4 17. Nxd4 exd4 18. Bb2 Rac8 19. Rc1 Qb7 20. Bxd4 Bc6 21. Ng3
d5 22. Nf5 dxe4 23. Bxf6 Bxf6 24. Nd6 Qe7 25. Nxc8 Rxc8 26. Bxe4 Rd8 27. Bxc6
Rxd1 28. Rcxd1 Be5 29. Rxe5 Qxe5 30. Rd8+ 1-0

[Event "37. Copenhagen Open (Politiken Cup)"]
[Site "Elsinore"]
[Date "2015.07.30"]
[Round "7"]
[White "Loveid, Erik"]
[Black "Zakariassen, Tom"]
[Result "1/2-1/2"]
[WhiteElo "1559"]
[BlackElo "1798"]
[PlyCount "53"]
[EventDate "2015.07.25"]
[EventType "swiss"]
[EventRounds "10"]
[EventCountry "DEN"]
[Source "ChessBase"]
[SourceDate "2015.09.14"]

1. Nf3 Nf6 2. d4 c5 3. c3 cxd4 4. cxd4 d5 5. Nc3 e6 6. Bf4 Bd6 7. Bxd6 Qxd6 8.
e3 a6 9. Bd3 O-O 10. O-O Nbd7 11. Rc1 b5 12. Qe2 Bb7 13. Rc2 Rac8 14. Rfc1 b4
15. Na4 Rxc2 16. Rxc2 Rc8 17. Rxc8+ Bxc8 18. Qc2 Bb7 19. b3 a5 20. Bb5 g6 21.
Ne1 Ba6 22. Bxd7 Qxd7 23. Nc5 Qb5 24. Nxa6 Qxa6 25. f3 Nd7 26. Qd3 Qxd3 27.
Nxd3 1/2-1/2

[Event "37. Copenhagen Open (Politiken Cup)"]
[Site "Elsinore"]
[Date "2015.07.30"]
[Round "7"]
[White "Lund, Gunnar"]
[Black "Rolvag, Birk Anders"]
[Result "1/2-1/2"]
[WhiteElo "1765"]
[BlackElo "1970"]
[PlyCount "92"]
[EventDate "2015.07.25"]
[EventType "swiss"]
[EventRounds "10"]
[EventCountry "DEN"]
[Source "ChessBase"]
[SourceDate "2015.09.14"]

1. e4 c6 2. d4 d5 3. exd5 cxd5 4. Bd3 Nc6 5. c3 Qc7 6. Ne2 Bd7 7. Bf4 e5 8.
dxe5 Nxe5 9. Bc2 Nf6 10. O-O Bd6 11. Nd4 O-O 12. Nd2 Nf3+ 13. N2xf3 Bxf4 14. h3
g6 15. Ba4 a6 16. Bxd7 Qxd7 17. Qd3 Rfe8 18. Rad1 Re7 19. Nc2 Rd8 20. Nb4 Bd6
21. Kh1 Bxb4 22. cxb4 Ne4 23. Nd2 Qf5 24. Nxe4 Qxe4 25. Qd2 Qe2 26. Qc1 Qb5 27.
a3 d4 28. Rd2 Qe5 29. Rfd1 Qe4 30. Rd3 Re6 31. Qd2 Red6 32. Kg1 Rd5 33. Re1 Qf5
34. Rd1 Qf6 35. b3 Qd6 36. Kh1 Re8 37. Re1 Ree5 38. Kg1 Rxe1+ 39. Qxe1 Qe6 40.
Qd2 Qe4 41. Kf1 Kg7 42. Qe2 Qf4 43. Qd2 Qe4 44. Qe2 f5 45. f3 Qxe2+ 46. Kxe2 g5
1/2-1/2

[Event "37. Copenhagen Open (Politiken Cup)"]
[Site "Elsinore"]
[Date "2015.07.30"]
[Round "7"]
[White "Maagaard, David Bille"]
[Black "Lund, Per"]
[Result "1/2-1/2"]
[WhiteElo "1859"]
[BlackElo "2029"]
[PlyCount "67"]
[EventDate "2015.07.25"]
[EventType "swiss"]
[EventRounds "10"]
[EventCountry "DEN"]
[Source "ChessBase"]
[SourceDate "2015.09.14"]

1. d4 d5 2. c4 e6 3. Nc3 Nf6 4. Nf3 Nbd7 5. e3 Be7 6. b3 O-O 7. Bd3 b6 8. O-O
Bb7 9. Bb2 c5 10. Rc1 cxd4 11. exd4 Rc8 12. Ne5 Re8 13. Ne2 Nf8 14. f3 Ng6 15.
Qc2 Nd7 16. f4 dxc4 17. bxc4 Ndxe5 18. dxe5 Bc5+ 19. Kh1 Qc7 20. Be4 Red8 21.
f5 Bxe4 22. Qxe4 exf5 23. Rxf5 Qc6 24. Ng3 Qxe4 25. Nxe4 Be3 26. Rcf1 Rxc4 27.
Nd6 Rf4 28. Rxf7 Rxf7 29. Nxf7 Rd2 30. Bc3 Rf2 31. Rxf2 Bxf2 32. Ng5 Bh4 33.
Ne4 Kf7 34. Nd6+ 1/2-1/2

[Event "37. Copenhagen Open (Politiken Cup)"]
[Site "Elsinore"]
[Date "2015.07.30"]
[Round "7"]
[White "Machlik, Jon"]
[Black "Lofgren, Claes"]
[Result "1-0"]
[WhiteElo "1973"]
[BlackElo "2102"]
[PlyCount "53"]
[EventDate "2015.07.25"]
[EventType "swiss"]
[EventRounds "10"]
[EventCountry "DEN"]
[Source "ChessBase"]
[SourceDate "2015.09.14"]

1. e4 c5 2. Nf3 e6 3. d4 cxd4 4. Nxd4 a6 5. Nc3 Qc7 6. Bd3 Nf6 7. O-O Nc6 8.
Be3 Be7 9. f4 d6 10. Qf3 O-O 11. Kh1 Bd7 12. Rae1 Nxd4 13. Bxd4 Bc6 14. Qg3 g6
15. e5 Nd7 16. f5 exf5 17. e6 Ne5 18. Bxf5 fxe6 19. Bxe6+ Kg7 20. Ne2 Rxf1+ 21.
Rxf1 Rf8 22. Rxf8 Bxf8 23. Nf4 Kh8 24. Qg5 Bg7 25. Bxe5 Bxe5 26. Nxg6+ Kg7 27.
Nxe5+ 1-0

[Event "37. Copenhagen Open (Politiken Cup)"]
[Site "Elsinore"]
[Date "2015.07.30"]
[Round "7"]
[White "Maesschalck, Vincent"]
[Black "Perrett, David C"]
[Result "0-1"]
[WhiteElo "1784"]
[BlackElo "1937"]
[PlyCount "78"]
[EventDate "2015.07.25"]
[EventType "swiss"]
[EventRounds "10"]
[EventCountry "DEN"]
[Source "ChessBase"]
[SourceDate "2015.09.14"]

1. e4 Nf6 2. Nc3 d5 3. exd5 Nxd5 4. Bc4 e6 5. Nf3 Nb6 6. Bb3 N8d7 7. d3 Nc5 8.
Be3 a5 9. O-O a4 10. Bc4 Bd6 11. Ng5 Qe7 12. Re1 Bd7 13. Nge4 Nxc4 14. dxc4
Nxe4 15. Nxe4 Bxh2+ 16. Kf1 O-O-O 17. Qh5 Bc6 18. Bc5 Qe8 19. Qxh2 Bxe4 20.
Rxe4 Qc6 21. Qe5 Rhe8 22. Ree1 f6 23. Qe3 b6 24. Ba3 Qxc4+ 25. Kg1 Kb8 26. c3
h5 27. Qe4 Qd5 28. Qxa4 h4 29. Qxh4 Rh8 30. Qe4 Qh5 31. g4 Qh2+ 32. Kf1 Rd2 33.
Re2 f5 34. gxf5 exf5 35. Qf3 Rd3 36. Qg2 Qh1+ 37. Qg1 Rdh3 38. Rae1 Qc6 39. Re6
Qc4+ 0-1